1087 1562 1430 1052 1503 1823 1602 1675 1863 1708 1984 1728 1424 1497 1611 1776 1187 1431 1110 1423 1697 1368 1992 1154 1320 1438 1380 1559 1352 1308 1967 1661 1422 1772 1576 1145 1441 1572 1558 1287 1589 1180 1891 1773 1795 1205 1164 1915 1958 1118 1882 1807 1778 1755 1104 1213 1767 1663 1133 1900 1517 1689 1971 1266 1290 1461 1649 1494 1646 1762 1290 1445 1370 1715 1544 1431 1719 1741 1722 1617 1392 1183 1346 1467 1926 1744 1204 1273 1296 1077 1603 1901 1627 1011 1650 1361 1707 1082 1220 BCNSPRNW ULIB Ver.6.0+V

เปลี่ยนเป็นภาษาไทย

Change to English
 แสดงรายละเอียดบรรณานุกรม
  กลับหน้าหลัก

Brief Record : Get Marc (ISO 2709) : E-mail record : QR code < ปิดหน้าต่าง
LEADER : 00000nam 2200000uu 4500
001    13399109411
003     ULIB
008    110401s2547||||th 000 0 tha d
020    9746445154
060 04 WB100^bว896ว 2547
245 00 เวชปฏิบัติผู้ป่วยนอก /^cบรรณาธิการ, นครชัย เผื่อนปฐม, สกลสิงหะ
250    พิมพ์ครั้งที่ 1
260    สงขลา :^bคณะแพทยศาสตร์ มหาวิทยาลัยสงขลานครินทร์,^c2547
300    313 หน้า :^bภาพประกอบ ;^c21 ซม.
650  7 อายุรศาสตร์ผู้ป่วยนอก ^xรวมเรื่อง
700 0  นครชัย เผื่อนปฐม,^eบรรณาธิการ
700 0  สกล สิงหะ,^eบรรณาธิการ
710 2  มหาวิทยาลัยสงขลานครินทร์. ^bคณะแพทยศาสตร์
945    ^p200^l0^i016389
945    ^p200^l0^i016387
995    ทศพร
999 ^a ใช้งานได้ทุกระบบ
รายการนี้ยังไม่มีแท็ก
คุณยังไม่ได้ล็อกอิน คุณสามารถมีกิจกรรมร่วมกับเว็บไซต์ได้ แต่ต้องล็อกอินก่อน ::
  ล็อกอิน

รายการสื่อสารสนเทศ

ลำดับที่ ประเภท เลขเรียก/บาร์โค้ด สถานที่ สถานะ
- ไม่พบข้อมูล -

BibComment


ยังไม่เคยถูกคอมเมนท์

คอมเมนท์ทรัพยากรรายการนี้
  คอมเมนท์: เวชปฏิบัติผู้ป่วย..


 Copyright 2026. Bcnsprnw @Library